| 000 | 00691pam a2200217 a 4500 | ||
|---|---|---|---|
| 020 | _a0801627281 | ||
| 040 | _cDLC | ||
| 082 | 0 | 0 | _a540 WCB 1998 A057 Or. |
| 100 | 1 | _aKelter, Paul B. | |
| 245 | 1 | 0 |
_aChemistry : _ba world of choices / |
| 246 | 1 | _aImpact | |
| 246 | 1 | _aDo you let the world happen to you, or do you make an impact on your world? | |
| 250 | _a1st ed. | ||
| 260 |
_aBoston, Mass. : _bWCB/McGraw-Hill, _c1998. |
||
| 300 |
_axiv, 589 p. : _bill. (some col.) ; _c28 cm. |
||
| 500 | _aIssued in a box (33 cm.) with book title on spine; one leaf attached to the inside of box. | ||
| 650 | 0 | _aChemistry. | |
| 700 | 1 | _aCarr, James D. | |
| 700 | 1 | _aScott, Andrew, | |
| 942 | _cEK | ||
| 999 |
_c14100 _d14100 |
||